Slovenský učiteľ kompetentný pre Európu pedagogická a psychologická diagnostika žiaka : [ Európsky sociálny fond]

Bibliographic Details
Main Author: Romanová, Martina, 1971- (Author)
Format: Book
Language:Slovak
PhysicalDescription:39 s. tab. 21 cm
Published: Nitra CCV PF UKF 2008
ISBN:9788080942618
Edition:1. vyd.
Subjects:

MARC

LEADER 00000nam a2200000 a 4500
001 vtls009964070
003 SK-MaSNL
005 20260302010837.0
008 240314s2008 xo l d f 000 0 slo
015 |a SNBA2009/12-05944 
020 |a 9788080942618  |q (brož.) 
035 |a 63FBC75C-3947-4A6A-93EE-C4BC934141A3 
035 |a urn:nbn:sk:snk-amk9as 
035 |a urn:nbn:sk:snk-am003w5m 
040 |a SNK  |b slo  |c SNK  |e AACR2 
041 0 |a slo 
044 |a xo  |c SK 
072 7 |a 37  |x Výchova a vzdelávanie  |2 konspekt 
080 |a 37.013.77  |2 2001 
080 |a 159.9.072.5  |2 2001 
080 |a 373.3.011.3-052  |2 2001 
080 |a (035)  |2 2001 
080 |a 005.591  |2 2001 
100 1 |a Romanová, Martina,  |d 1971-  |4 aut  |9 203914 
245 1 0 |a Slovenský učiteľ kompetentný pre Európu  |b pedagogická a psychologická diagnostika žiaka : [ Európsky sociálny fond]  |c Martina Romanová 
246 3 0 |a Pedagogická a psychologická diagnostika žiaka 
250 |a 1. vyd. 
260 |a Nitra  |b CCV PF UKF  |c 2008 
300 |a 39 s.  |b tab.  |c 21 cm 
366 |e 200 výt. 
504 |a Bibliogr. s. 39 
521 |a Účelová publikácia 
630 0 7 |a Slovenský učiteľ kompetentný pre Európu (projekt)  |2 SNKPH  |9 323586 
650 0 7 |a pedagogická diagnostika  |2 SNKPH  |9 4068 
650 0 7 |a psychodiagnostika  |2 SNKPH  |9 69333 
650 0 7 |a žiaci  |2 SNKPH  |9 16621 
650 0 7 |a programy a projekty  |2 SNKPH  |9 82765 
655 7 |a príručky  |2 SNKPH  |9 74364 
919 |a 978-80-8094-261-8 
958 |a NB 
958 |a OND 
968 |d 37 
999 |c 1003992  |d 1005922 
952 |a SNK  |b SNK  |y PREZ  |7 0  |p 17A0632596  |o snkSC 137677  |i snk2009/19345  |8 0  |0 0  |1 0  |4 0  |d 2009-10-27  |f 1  |l 0  |r 2025-07-04 00:00:00  |w 2026-02-24 
952 |a SNK  |b SNK  |y VYP  |7 0  |p 17A0632597  |o snkSC 137677 D1  |i snk2009/19346  |8 0  |0 0  |1 0  |4 0  |d 2009-10-27  |l 0  |r 2026-02-24 12:30:25  |w 2026-02-24